LEADER 01521nam 2200457I 450 001 9910706922703321 005 20180425113315.0 035 $a(CKB)5470000002460254 035 $a(OCoLC)1032305267 035 $a(EXLCZ)995470000002460254 100 $a20180425j201803 ua 0 101 0 $aeng 135 $aurmn||||||||| 181 $ctxt$2rdacontent 182 $cc$2rdamedia 183 $acr$2rdacarrier 200 10$aToward cooling uniformity $einvestigation of spiral, sweeping holes, and unconventional cooling paradigms /$fVikram Shyam [and four others] 210 1$aCleveland, Ohio :$cNational Aeronautics and Space Administration, Glenn Research Center,$dMarch 2018. 215 $a1 online resource (32 pages) $ccolor illustrations 225 1 $aNASA/TM ;$v2018-219763 300 $a"March 2018." 320 $aIncludes bibliographical references (pages 31-32). 517 $aToward cooling uniformity 606 $aThermocouples$2nasat 606 $aHole geometry (mechanics)$2nasat 606 $aThermography$2nasat 606 $aFlow velocity$2nasat 606 $aFilm cooling$2nasat 615 7$aThermocouples. 615 7$aHole geometry (mechanics) 615 7$aThermography. 615 7$aFlow velocity. 615 7$aFilm cooling. 700 $aShyam$b Vikram$01390439 712 02$aNASA Glenn Research Center, 801 0$bGPO 801 1$bGPO 906 $aBOOK 912 $a9910706922703321 996 $aToward cooling uniformity$93477188 997 $aUNINA LEADER 01852nam 22004333 450 001 9910163952703321 005 20250729080251.0 010 $a1-62517-221-4 035 $a(CKB)3710000001055748 035 $a(VLeBooks)9781625172211 035 $a(MiAaPQ)EBC32216187 035 $a(Au-PeEL)EBL32216187 035 $a(OCoLC)906814599 035 $a(EXLCZ)993710000001055748 100 $a20250729d1985 uy 0 101 0 $aeng 135 $aurcnu|||||||| 181 $ctxt$2rdacontent 182 $cc$2rdamedia 183 $acr$2rdacarrier 200 10$aTexas Treasure 205 $a1st ed. 210 1$aNEW YORK :$cNancy Yost Literary Agency,$d1985. 210 4$dİ1985. 215 $a1 online resource (1 p.) 225 1 $aA Lady and the Cowboy Romance Series ;$vv.1 311 08$a0-8217-1555-0 330 $aA Lady and the Cowboy Romance (#1)Opposites Attract...Dusty Rhoades is positive that the new schoolteacher, with her creamy skin and polished ways is worlds above him; but if he knows one thing, it's women; and recognizes that look in Priscilla's eyes... That tall Texas cowboy has to be the most unsettling man Priscilla Bedford has ever met! Dusty Rhoades has only to look at her, and she can feel her composure crumble to dust! One minute his high-handed arrogance infuriates her; the next, she aches to feel his lean, hard arms around her...Dusty may be a diamond in the rough, but he may just turn out to be her own Texas Treasure!. 410 2$aA Lady and the Cowboy Romance Series 608 $aHistorical fiction.$2gsafd 700 $aThompson$b Victoria$01232787 712 02$aCopyright Paperback Collection (Library of Congress) 801 0$bMiAaPQ 801 1$bMiAaPQ 801 2$bMiAaPQ 906 $aBOOK 912 $a9910163952703321 996 $aTexas treasure$92868560 997 $aUNINA